00282nam a2200121Ia 4500008004100000041000800041082001500049100001900064245001300083260003300096300002400129365000700153240624s9999 xx 000 0 und d aeng a891.43 VER aVERMA BHAGWATI aCHANAKYA c2012aDelhibSahitya Academy a126 : p. : cm. ; 20 cRS